00441nam a2200181 a 45000010005000000030009000050080041000140400028000550820015000831000026000982450017001242500007001412600031001483000015001794900036001946500014002306500015002442830CO-ViMGA141112s2004 ck r 000 u spa d aCO-ViMGAbspacCO-ViMGA04a696.1 P39f1 aPey Estrany, Santiago10aFontanería a2a aBarcelona : bCeac, c1986 a139 p : il aEnciclopedia Ceac del bricolage14aBRICOLAJE14aFONTANERIA